Management: Concept, theory and practices (Record no. 2837)

MARC details
000 -LEADER
fixed length control field 00493nam a2200169Ia 4500
008 - FIXED-LENGTH DATA ELEMENTS--GENERAL INFORMATION
fixed length control field 230917s9999||||xx |||||||||||||| ||und||
020 ## - ISBN
Price RS 695.00
040 ## - CATALOGING SOURCE
-- 5009232
Original cataloging agency VIVEKANANDA LIBRARY
041 ## - Language
-- English
082 ## - DDC NUMBER
Classification number 658 C361M
100 ## - MAIN ENTRY--PERSONAL NAME
Personal name Chand, S N
245 #0 - TITLE STATEMENT
Title Management: Concept, theory and practices
260 ## - PUBLICATION, DISTRIBUTION, ETC. (IMPRINT)
Place of publication, distribution, etc New Delhi
Name of publisher, distributor, etc Atlantic Publishers and Distributors
Date of publication, distribution, etc 2022
300 ## - PHYSICAL DESCRIPTION
Pages x, 433 p.
500 ## - GENERAL NOTE
General note 4124 13/10/2021 APD21/1128569 13/10/2021 IMSAR (Dev. & Research)
942 ## - ADDED ENTRY ELEMENTS (KOHA)
Koha item type Books
Holdings
Withdrawn status Lost status Damaged status Not for loan Location (home branch) Sublocation or collection (holding branch) Shelving location Date acquired Koha issues (times borrowed) Koha full call number Accession No. Koha date last seen Koha item type
        VIVEKANANDA LIBRARY VIVEKANANDA LIBRARY IMSAR Library 08/12/2021 5 658 C361M 397644 24/10/2025 Books
© Designed and Maintained by Vivekananda Library, MDU Rohtak